[Event "San Francisco Neil Falconer op"]
[Site "San Francisco"]
[Date "2013.09.24"]
[Round "8"]
[White "Rakonitz, David"]
[Black "Salvo, Tab"]
[Result "1-0"]
[WhiteElo "1527"]
[BlackElo "1663"]
[PlyCount "117"]
[EventDate "2013.08.06"]
[EventType "swiss"]
[EventRounds "9"]
[EventCountry "USA"]
[SourceTitle "EXT 2016"]
[Source "ChessBase"]
[SourceDate "2015.10.08"]
[SourceVersion "1"]
[SourceVersionDate "2015.10.08"]
[SourceQuality "1"]

1. d4 Nf6 2. Nf3 g6 3. c4 c5 4. dxc5 Qa5+ 5. Nc3 Qxc5 6. Qd4 Qxd4 7. Nxd4 Bg7 8. Ndb5 Na6 9. e4 d6 10. Be2 0-0 11. 0-0 Nc5 12. f3 Be6 13. Nc7 Rac8 14. Nxe6 Nxe6 15. Be3 a6 16. Rac1 Rfe8 17. Rc2 Nd7 18. Rd1 Ndc5 19. Rdc1 Nd7 20. a3 Nd4 21. Bxd4 Bxd4+ 22. Kf1 Nc5 23. Nd5 e6 24. Rd1 Bg7 25. Nb4 a5 26. Na2 Red8 27. Nc1 Na4 28. Nd3 d5 29. b3 Nc3 30. Rdc1 d4 31. e5 b6 32. f4 h5 33. h4 Rf8 34. Bf3 f6 35. exf6 Rxf6 36. g3 Kh7 37. Re1 Rc7 38. Rd2 Kh6 39. Ne5 Rf5 40. Nc6 e5 41. Nxe5 Bxe5 42. Rxe5 Rxe5 43. fxe5 Rf7 44. Kg2 Re7 45. Rxd4 Rxe5 46. Rd3 Nb1 47. a4 Na3 48. Rc3 Nb1 49. Rd3 Re6 50. Kf2 Na3 51. Rc3 Nb1 52. Rd3 Na3 53. Rc3 Nb1 54. Rd3 Rf6 55. Ke2 Re6+ 56. Kd1 Kg7 57. Kc2 Re1 58. Bd1 Na3+ 59. Kb2 1-0

[Event "San Francisco Neil Falconer op"]
[Site "San Francisco"]
[Date "2013.09.03"]
[Round "5"]
[White "Hilliard, Michael"]
[Black "Salvo, Tab"]
[Result "0-1"]
[WhiteElo "1400"]
[BlackElo "1663"]
[PlyCount "80"]
[EventDate "2013.08.06"]
[EventType "swiss"]
[EventRounds "9"]
[EventCountry "USA"]
[SourceTitle "EXT 2016"]
[Source "ChessBase"]
[SourceDate "2015.10.08"]
[SourceVersion "1"]
[SourceVersionDate "2015.10.08"]
[SourceQuality "1"]

1. d4 Nf6 2. Bg5 c5 3. Bxf6 exf6 4. e3 Be7 5. Bd3 0-0 6. Nf3 d5 7. c3 Bg4 8. Nbd2 Nc6 9. 0-0 b6 10. Re1 Bd6 11. a3 Bc7 12. e4 Ne7 13. exd5 Nxd5 14. c4 Nf4 15. Be4 Rb8 16. d5 g6 17. Nf1 Bd6 18. Ne3 Bd7 19. g3 Nh5 20. Nd2 f5 21. Bg2 f4 22. Nef1 fxg3 23. fxg3 Re8 24. Ne4 Be5 25. Qd2 Kg7 26. Rac1 h6 27. b4 f5 28. Nc3 f4 29. Qd3 fxg3 30. hxg3 Nxg3 31. Nxg3 Qh4 32. Re3 Bd4 33. Nf1 Qf4 34. Rce1 Re5 35. Nd1 Rbe8 36. Qd2 Bg4 37. Qf2 Qg5 38. Qg3 Bxd1 39. Rxd1 Qxg3 40. Nxg3 Rxe3 0-1

[Event "San Francisco Neil Falconer op"]
[Site "San Francisco"]
[Date "2013.08.13"]
[Round "2"]
[White "Salvo, Tab"]
[Black "Harris, Clarence"]
[Result "1-0"]
[WhiteElo "1663"]
[BlackElo "1314"]
[PlyCount "67"]
[EventDate "2013.08.06"]
[EventType "swiss"]
[EventRounds "9"]
[EventCountry "USA"]
[SourceTitle "EXT 2016"]
[Source "ChessBase"]
[SourceDate "2015.10.08"]
[SourceVersion "1"]
[SourceVersionDate "2015.10.08"]
[SourceQuality "1"]

1. Nf3 Nf6 2. c4 g6 3. b3 Bg7 4. Bb2 0-0 5. g3 d6 6. Bg2 Bd7 7. 0-0 Qc8 8. Re1 Nc6 9. d3 e5 10. Nbd2 Re8 11. Qb1 Qd8 12. h3 Ne7 13. e4 c5 14. Qd1 b5 15. Qe2 b4 16. Qe3 Nc6 17. Nf1 Qc8 18. Kh2 a5 19. Bc1 a4 20. Bd2 a3 21. Qe2 h5 22. Rac1 Nh7 23. Ne3 Bh6 24. Nd5 Bxd2 25. Qxd2 Qd8 26. Qh6 Nd4 27. Nxd4 cxd4 28. Nxb4 Qg5 29. Qxg5 Nxg5 30. Nd5 Ra7 31. f4 Bc6 32. fxg5 Bxd5 33. exd5 Rae7 34. Rf1 1-0

[Event "San Francisco TNM Fall op"]
[Site "San Francisco"]
[Date "2011.12.13"]
[Round "9"]
[White "Krasnov, Steven Lender"]
[Black "Salvo, Tab"]
[Result "1-0"]
[WhiteElo "1974"]
[BlackElo "1716"]
[PlyCount "53"]
[EventDate "2011.10.18"]
[EventType "swiss"]
[EventRounds "9"]
[EventCountry "USA"]
[SourceTitle "EXT 2016"]
[Source "ChessBase"]
[SourceDate "2015.10.08"]
[SourceVersion "1"]
[SourceVersionDate "2015.10.08"]
[SourceQuality "1"]

1. b3 g6 2. Bb2 Nf6 3. g4 h6 4. h4 Rg8 5. e3 d5 6. Be2 Nc6 7. d3 e5 8. g5 hxg5 9. hxg5 Nd7 10. f4 Bg7 11. Nf3 Qe7 12. Qd2 Nb6 13. Rh7 Bd7 14. a4 0-0-0 15. a5 Na8 16. Nc3 Be6 17. a6 b6 18. Nb5 Bd7 19. fxe5 Kb8 20. d4 Bg4 21. Ba3 Qd7 22. Qd3 Ne7 23. 0-0-0 Bf5 24. Qc3 Be4 25. Bxe7 Qxe7 26. Qc6 Kc8 27. Nxa7+ 1-0

[Event "San Francisco TNM Fall op"]
[Site "San Francisco"]
[Date "2011.11.22"]
[Round "6"]
[White "Salvo, Tab"]
[Black "Hilliard, Michael"]
[Result "1-0"]
[WhiteElo "1716"]
[BlackElo "1428"]
[PlyCount "95"]
[EventDate "2011.10.18"]
[EventType "swiss"]
[EventRounds "9"]
[EventCountry "USA"]
[SourceTitle "EXT 2016"]
[Source "ChessBase"]
[SourceDate "2015.10.08"]
[SourceVersion "1"]
[SourceVersionDate "2015.10.08"]
[SourceQuality "1"]

1. Nf3 c5 2. c4 Nc6 3. g3 Nf6 4. Bg2 e6 5. 0-0 d5 6. cxd5 exd5 7. e3 Bg4 8. d3 Be7 9. b3 0-0 10. Bb2 Rc8 11. Na3 a6 12. Qd2 h6 13. Nc2 Qc7 14. Rfc1 Rfd8 15. Nce1 Qd6 16. a4 a5 17. Bc3 b6 18. Qb2 Be6 19. Rd1 Rd7 20. Rac1 Rcd8 21. Ne5 Nxe5 22. Bxe5 Qc6 23. h3 Qc8 24. Kh2 Ne8 25. Nf3 f6 26. Bc3 Nd6 27. Be1 Nf7 28. Nd4 Rd6 29. Nxe6 Qxe6 30. Bc3 Ne5 31. d4 Nc6 32. dxc5 bxc5 33. Qb1 Rb8 34. Qc2 Nb4 35. Qd2 Rbd8 36. Qb2 R8d7 37. Qb1 Bd8 38. h4 Bb6 39. Bh3 Qf7 40. Bxd7 Qxd7 41. Bxb4 cxb4 42. Qc2 Kf8 43. Qc8+ Kf7 44. Qxd7+ Rxd7 45. Rc6 Ba7 46. Kg2 Kg6 47. Ra6 d4 48. exd4 1-0

[Event "San Francisco TNM Fall op"]
[Site "San Francisco"]
[Date "2011.10.25"]
[Round "2"]
[White "Salvo, Tab"]
[Black "Manvelyan, Hovik"]
[Result "0-1"]
[WhiteElo "1716"]
[BlackElo "2056"]
[PlyCount "90"]
[EventDate "2011.10.18"]
[EventType "swiss"]
[EventRounds "9"]
[EventCountry "USA"]
[SourceTitle "EXT 2016"]
[Source "ChessBase"]
[SourceDate "2015.10.08"]
[SourceVersion "1"]
[SourceVersionDate "2015.10.08"]
[SourceQuality "1"]

1. Nf3 Nf6 2. c4 g6 3. b3 Bg7 4. Bb2 d6 5. g3 0-0 6. Bg2 c6 7. 0-0 Bg4 8. d3 Qd7 9. Re1 Na6 10. Nbd2 Nc7 11. Qc2 Bh3 12. Bh1 h6 13. e4 Ng4 14. Bxg7 Kxg7 15. d4 Rad8 16. Re2 e5 17. dxe5 dxe5 18. Qc3 f6 19. Bg2 Bxg2 20. Kxg2 h5 21. h3 Nh6 22. Qe3 Qd3 23. Rae1 b6 24. Qxd3 Rxd3 25. Re3 Rd7 26. b4 Rfd8 27. Nb3 Nf7 28. c5 Na6 29. a3 Rd3 30. cxb6 axb6 31. Nbd2 Rxd2 32. Nxd2 Rxd2 33. Rc3 c5 34. bxc5 Nxc5 35. Kf1 Nd6 36. f3 Nb5 37. Rce3 Nd4 38. Rb1 Nd3 39. g4 Rf2+ 40. Kg1 Nxf3+ 41. Rxf3 Rxf3 42. Kg2 Rf2+ 43. Kg3 h4+ 44. Kxh4 Rg2 45. Rxb6 g5+ 0-1

[Event "San Francisco TNM Litowsky op"]
[Site "San Francisco"]
[Date "2011.08.30"]
[Round "5"]
[White "Salvo, Tab"]
[Black "Shnaiderman, Lazar"]
[Result "1-0"]
[WhiteElo "1661"]
[BlackElo "1902"]
[PlyCount "79"]
[EventDate "2011.08.02"]
[EventType "swiss"]
[EventRounds "9"]
[EventCountry "USA"]
[SourceTitle "EXT 2016"]
[Source "ChessBase"]
[SourceDate "2015.10.08"]
[SourceVersion "1"]
[SourceVersionDate "2015.10.08"]
[SourceQuality "1"]

1. Nf3 c5 2. c4 Nf6 3. g3 b6 4. Bg2 Bb7 5. 0-0 e6 6. b3 Be7 7. Bb2 0-0 8. d4 cxd4 9. Bxd4 d5 10. Nbd2 Nc6 11. Bb2 Rb8 12. a3 dxc4 13. Nxc4 Qxd1 14. Rfxd1 Rfd8 15. b4 Rxd1+ 16. Rxd1 Kf8 17. Nfe5 Nxe5 18. Bxe5 Rc8 19. Nxb6 axb6 20. Bxb7 Rc2 21. Bf3 Ra2 22. Rd3 Nd5 23. e4 Bf6 24. Bd6+ Ne7 25. e5 Bg5 26. Bc7 Ng6 27. h4 Rc2 28. Bd6+ Be7 29. Be4 Rc1+ 30. Kg2 Ke8 31. b5 Bxd6 32. Bc6+ Rxc6 33. bxc6 Bxe5 34. f4 Nxf4+ 35. gxf4 Bxf4 36. a4 h6 37. Kf2 Bh2 38. Rd7 g6 39. Rb7 Bb8 40. Rxb8+ 1-0

[Event "San Francisco TNM Summer op"]
[Site "San Francisco"]
[Date "2011.07.12"]
[Round "8"]
[White "Salvo, Tab"]
[Black "Wheeler, Cameron"]
[Result "0-1"]
[WhiteElo "1723"]
[BlackElo "2052"]
[PlyCount "64"]
[EventDate "2011.05.24"]
[EventType "swiss"]
[EventRounds "8"]
[EventCountry "USA"]
[SourceTitle "EXT 2016"]
[Source "ChessBase"]
[SourceDate "2015.10.08"]
[SourceVersion "1"]
[SourceVersionDate "2015.10.08"]
[SourceQuality "1"]

1. Nf3 Nf6 2. g3 d5 3. c4 c6 4. b3 Bg4 5. Bg2 Nbd7 6. Bb2 e6 7. 0-0 Bd6 8. d4 0-0 9. Nbd2 Rc8 10. Re1 b6 11. e4 Bb4 12. exd5 cxd5 13. Re3 Bxd2 14. Qxd2 dxc4 15. h3 Bxf3 16. Rxf3 b5 17. Rc1 Ne5 18. Rxf6 gxf6 19. bxc4 Nxc4 20. Qe2 Nxb2 21. Rxc8 Qxc8 22. Qxb2 a6 23. d5 e5 24. Be4 Qxh3 25. Qb1 Rd8 26. Bf5 Qh6 27. Qd3 Qc1+ 28. Kg2 Qc4 29. Bxh7+ Kg7 30. Qf5 Qxd5+ 31. Kh2 Qe6 32. Qb1 Rh8 0-1

[Event "San Francisco TNM Summer op"]
[Site "San Francisco"]
[Date "2011.06.07"]
[Round "3"]
[White "Salvo, Tab"]
[Black "Todortsev, Victor"]
[Result "0-1"]
[WhiteElo "1723"]
[BlackElo "1937"]
[PlyCount "113"]
[EventDate "2011.05.24"]
[EventType "swiss"]
[EventRounds "8"]
[EventCountry "USA"]
[SourceTitle "EXT 2016"]
[Source "ChessBase"]
[SourceDate "2015.10.08"]
[SourceVersion "1"]
[SourceVersionDate "2015.10.08"]
[SourceQuality "1"]

1. Nf3 d5 2. c4 e6 3. b3 Nf6 4. Bb2 Be7 5. g3 0-0 6. Bg2 c6 7. 0-0 Nbd7 8. d4 Ne4 9. Nbd2 f5 10. e3 Ndf6 11. Nxe4 Nxe4 12. Ne5 Ng5 13. f4 Nf7 14. Qe2 Nxe5 15. dxe5 Bd7 16. Rfd1 Be8 17. Kh1 Qb6 18. Bd4 Qa6 19. Bf1 c5 20. Bc3 Bc6 21. Kg1 Rad8 22. Qe1 dxc4 23. Bxc4 Bb5 24. Bxe6+ Kh8 25. Bd5 Bc6 26. Bxc6 Qxc6 27. Qe2 Qe4 28. Be1 a6 29. Ba5 Rc8 30. Qd3 Qf3 31. Rf1 Qc6 32. Rac1 b5 33. Be1 c4 34. bxc4 bxc4 35. Qc2 Bc5 36. Bf2 Ba3 37. Rb1 c3 38. Rb3 Bb2 39. Rd1 Rfd8 40. Rxd8+ Rxd8 41. Be1 Qf3 42. Rxc3 Bxc3 43. Qxc3 h6 44. e6 Qe4 45. Qe5 Qxe5 46. fxe5 Re8 47. Bc3 Rxe6 48. Kf2 Kg8 49. Kf3 Kf7 50. e4 Rc6 51. Bb4 fxe4+ 52. Kf4 Ke6 53. Bf8 g5+ 54. Kxe4 h5 55. Bd6 Rc2 56. h4 gxh4 57. gxh4 0-1

[Event "San Francisco TNM Fall op"]
[Site "San Francisco"]
[Date "2010.11.02"]
[Round "3"]
[White "Salvo, Tab"]
[Black "Fuentes, Romulo C"]
[Result "0-1"]
[WhiteElo "1762"]
[BlackElo "2235"]
[PlyCount "48"]
[EventDate "2010.10.20"]
[EventType "swiss"]
[EventRounds "9"]
[EventCountry "USA"]
[SourceTitle "EXT 2012"]
[Source "ChessBase"]
[SourceDate "2011.11.24"]
[SourceVersion "1"]
[SourceVersionDate "2011.11.24"]
[SourceQuality "1"]

1. Nf3 c5 2. c4 Nf6 3. g3 Nc6 4. Nc3 d5 5. b3 d4 6. Nb5 a6 7. Na3 e5 8. d3 e4 9. Ng5 e3 10. fxe3 dxe3 11. Bg2 Ng4 12. 0-0 Qxg5 13. Nc2 Nd4 14. Rf4 Nf2 15. Rxf2 exf2+ 16. Kxf2 Qf6+ 17. Bf3 Nxc2 18. Qxc2 Qxa1 19. Be3 Qe5 20. Qd2 Bd6 21. Kg2 h5 22. d4 Qe7 23. Bg5 f6 24. Be3 h4 0-1

[Event "San Francisco TNM Peter Grey op"]
[Site "San Francisco"]
[Date "2010.09.07"]
[Round "6"]
[White "Salvo, Tab"]
[Black "Olson, David L"]
[Result "0-1"]
[WhiteElo "1738"]
[BlackElo "1420"]
[PlyCount "50"]
[EventDate "2010.08.03"]
[EventType "swiss"]
[EventRounds "9"]
[EventCountry "USA"]
[SourceTitle "EXT 2012"]
[Source "ChessBase"]
[SourceDate "2011.11.24"]
[SourceVersion "1"]
[SourceVersionDate "2011.11.24"]
[SourceQuality "1"]

1. Nf3 d5 2. c4 d4 3. g3 Nf6 4. d3 Nc6 5. Bg2 e5 6. Nbd2 Bd6 7. a3 a5 8. b3 0-0 9. 0-0 Ne7 10. h3 Nh5 11. Ne4 f5 12. Nxd6 Qxd6 13. e3 c5 14. Nxe5 Nxg3 15. fxg3 Qxe5 16. Qe1 Ra6 17. Bd2 Rg6 18. Kh2 h5 19. e4 h4 20. Bf4 hxg3+ 21. Bxg3 f4 22. Rxf4 Rxf4 23. Ra2 Rxg3 24. Qxg3 Qf6 25. Re2 Qh4 0-1

[Event "San Francisco TNM Peter Grey op"]
[Site "San Francisco"]
[Date "2010.08.31"]
[Round "5"]
[White "Todortsev, Victor"]
[Black "Salvo, Tab"]
[Result "1-0"]
[WhiteElo "1924"]
[BlackElo "1738"]
[PlyCount "89"]
[EventDate "2010.08.03"]
[EventType "swiss"]
[EventRounds "9"]
[EventCountry "USA"]
[SourceTitle "EXT 2012"]
[Source "ChessBase"]
[SourceDate "2011.11.24"]
[SourceVersion "1"]
[SourceVersionDate "2011.11.24"]
[SourceQuality "1"]

1. e4 c5 2. Nf3 d6 3. d4 cxd4 4. Nxd4 Nf6 5. Nc3 a6 6. Bc4 e6 7. Bb3 Be7 8. 0-0 b5 9. Bg5 Qc7 10. Qe2 Nc6 11. Rad1 Na5 12. f4 0-0 13. e5 dxe5 14. fxe5 Ne8 15. Bxe7 Qxe7 16. Ne4 Bb7 17. Rf4 Nxb3 18. axb3 Rd8 19. c3 f5 20. Rdf1 Nc7 21. Ng3 Ba8 22. Qh5 g6 23. Qh6 Qg7 24. Rh4 Qxh6 25. Rxh6 Kg7 26. Rh3 Rfe8 27. Nge2 Nd5 28. c4 Nc7 29. Rc3 Rc8 30. Nf4 Kf7 31. Rh3 Kg7 32. Rg3 Kf7 33. h4 Rcd8 34. Nf3 Bxf3 35. Rfxf3 Rd1+ 36. Kh2 Red8 37. h5 Rg8 38. Rd3 Rxd3 39. Rxd3 Ke7 40. hxg6 hxg6 41. g4 Ne8 42. c5 g5 43. Nh3 Rg6 44. c6 Kf8 45. Rd7 1-0

[Event "San Francisco TNM Spring op"]
[Site "San Francisco"]
[Date "2010.05.04"]
[Round "8"]
[White "Standen, Julian"]
[Black "Salvo, Tab"]
[Result "1-0"]
[WhiteElo "1714"]
[BlackElo "1692"]
[PlyCount "87"]
[EventDate "2010.03.16"]
[EventType "swiss"]
[EventRounds "8"]
[EventCountry "USA"]
[SourceTitle "EXT 2012"]
[Source "ChessBase"]
[SourceDate "2011.11.24"]
[SourceVersion "1"]
[SourceVersionDate "2011.11.24"]
[SourceQuality "1"]

1. d4 d6 2. Nf3 Nf6 3. Bf4 c5 4. e3 cxd4 5. exd4 e6 6. Nbd2 a6 7. Bd3 Be7 8. 0-0 0-0 9. c3 Nc6 10. h3 Re8 11. Re1 b5 12. Ne4 Bb7 13. a3 h6 14. Rc1 Nxe4 15. Bxe4 d5 16. Bb1 Bd6 17. Bxd6 Qxd6 18. Qd3 f5 19. Ne5 Ne7 20. f4 Rf8 21. Qg3 Rf6 22. Re3 Raf8 23. Rce1 Bc8 24. Bc2 Qd8 25. Bd1 Qe8 26. Qh4 Kh7 27. Bh5 g6 28. Bd1 Nc6 29. Nxc6 Qxc6 30. Qf2 Qc4 31. Re5 Qc6 32. Kh2 a5 33. g3 Qa6 34. Bc2 Kg7 35. g4 Kh7 36. gxf5 exf5 37. Rg1 R8f7 38. Qe3 Bb7 39. Re7 Rxe7 40. Qxe7+ Kg8 41. Qe8+ Kg7 42. Re1 Rf7 43. Re6 Qa8 44. Qxb5 1-0

[Event "San Francisco TNM Winter op"]
[Site "San Francisco"]
[Date "2010.01.05"]
[Round "2"]
[White "Salvo, Tab"]
[Black "Frank, Robert"]
[Result "1/2-1/2"]
[WhiteElo "1744"]
[BlackElo "1239"]
[PlyCount "126"]
[EventDate "2010.01.05"]
[EventType "swiss"]
[EventRounds "8"]
[EventCountry "USA"]
[SourceTitle "EXT 2012"]
[Source "ChessBase"]
[SourceDate "2011.11.24"]
[SourceVersion "1"]
[SourceVersionDate "2011.11.24"]
[SourceQuality "1"]

1. Nf3 Nf6 2. g3 g6 3. Bg2 Bg7 4. c4 c5 5. Nc3 Nc6 6. e4 d6 7. 0-0 Bg4 8. h3 Bd7 9. d3 0-0 10. Be3 e5 11. Kh2 a5 12. Qd2 Nd4 13. Bh6 a4 14. Nxd4 cxd4 15. Ne2 b5 16. Bxg7 Kxg7 17. Rac1 Rc8 18. b3 axb3 19. axb3 Ra8 20. Ra1 Qb6 21. Rfb1 Rxa1 22. Rxa1 bxc4 23. bxc4 h5 24. Ra2 Rb8 25. Qc2 Qb3 26. Qxb3 Rxb3 27. Rd2 Ng8 28. Bf1 f5 29. f3 fxe4 30. fxe4 g5 31. Kg2 Nh6 32. Kf2 Nf7 33. Ng1 Rc3 34. Rb2 Ba4 35. Nf3 Rc2+ 36. Rxc2 Bxc2 37. Ne1 Bd1 38. Be2 Bxe2 39. Kxe2 g4 40. h4 Kf6 41. Kd2 Ke6 42. Kc2 Kf6 43. Kb3 Ke6 44. Kb4 Kd7 45. Kb5 Ke6 46. Kc6 Nd8+ 47. Kc7 Ke7 48. Kb6 Ne6 49. Kc6 Nc5 50. Kc7 Ne6+ 51. Kc6 Nc5 52. Kc7 Ne6+ 53. Kc8 Nc5 54. Kc7 Ne6+ 55. Kc6 Nc5 56. Kb5 Ne6 57. Nc2 Nc5 58. Nb4 Kd7 59. Kb6 Na4+ 60. Kb7 Nc3 61. Nd5 Ke6 62. Nc7+ Kd7 63. Nd5 Ke6 1/2-1/2

[Event "San Francisco TNM Fall op"]
[Site "San Francisco"]
[Date "2009.10.27"]
[Round "2"]
[White "Salvo, Tab"]
[Black "Olson, David L"]
[Result "1-0"]
[WhiteElo "1769"]
[BlackElo "1641"]
[PlyCount "29"]
[EventDate "2009.10.20"]
[EventType "swiss"]
[EventRounds "9"]
[EventCountry "USA"]
[SourceTitle "EXT 2012"]
[Source "ChessBase"]
[SourceDate "2011.11.24"]
[SourceVersion "1"]
[SourceVersionDate "2011.11.24"]
[SourceQuality "1"]

1. Nf3 c5 2. c4 e6 3. g3 Nc6 4. Bg2 Nf6 5. 0-0 Be7 6. Nc3 0-0 7. e4 d6 8. h3 b6 9. e5 Nd7 10. exd6 Bxd6 11. d4 cxd4 12. Nxd4 Bb7 13. Nxc6 Bxc6 14. Bxc6 Rc8 15. Qxd6 1-0